Oravice - Juráňova tiesňava

Zobrazenie: Pohľad na tiesňavu medzi skalami. Pomedzi ne vedie koryto rieky. Nad ním je vidno drevený most zo stromov

Bibliographic Details
Format: Postcard
Language:Slovak
PhysicalDescription:1 pohľadnica čiernobiela 15 x 10 cm
Published: Trstená Slovakotour 1942
Subjects:

MARC

LEADER 00000nkm a2200000 a 4500
001 vtls011993499
003 SK-MaSNL
005 20260512122614.0
007 kp bo
008 231121s1942 xo g kuslo
015 |a SNBG1942 
035 |a urn:nbn:sk:snk-km00fd19 
035 |a urn:nbn:sk:snk-km45tsd 
035 |a F86E8D6A-74B9-4243-BD00-6F7C2324C010 
040 |a SNK  |b slo  |c SNK  |e AACR2 
041 0 |a slo 
043 |a e-xo--- 
044 |a xo  |c SK 
072 7 |a 908(437)  |x Vlastiveda Česka a Slovenska  |2 konspekt 
080 |a 551  |2 2011 
080 |a (084.121)  |2 2011 
080 |a 908(437.6)  |2 2011 
080 |a 556.53  |2 2011 
080 |a 502.51  |2 2011 
080 |a 624.21-035.3  |2 2011 
080 |a 551.435.4  |2 2011 
080 |a 911.2(23.046)  |2 2011 
080 |a 551.4.036  |2 2011 
245 0 0 |a Oravice - Juráňova tiesňava  |h grafika 
260 |a Trstená  |b Slovakotour  |c 1942 
300 |a 1 pohľadnica  |b čiernobiela  |c 15 x 10 cm 
520 8 |a Zobrazenie: Pohľad na tiesňavu medzi skalami. Pomedzi ne vedie koryto rieky. Nad ním je vidno drevený most zo stromov 
650 0 7 |a tiesňavy  |2 SNKPH  |9 59063 
650 0 7 |a rieky  |2 SNKPH  |9 29644 
650 0 7 |a drevené mosty  |2 SNKPH  |9 115470 
650 0 7 |a skalné útvary  |2 SNKPH  |9 115197 
650 0 7 |a doliny  |2 SNKPH  |9 256361 
651 7 |a Oravice (Tvrdošín, Slovensko)  |2 SNKPHgeo  |9 160835 
651 7 |a Juráňova dolina (Slovensko)  |2 SNKPHgeo  |9 74672 
655 7 |a geografické pohľadnice  |2 SNKPH  |9 70522 
852 |a Slovenská národná knižnica 
958 |a GC 
958 |a GBN 
958 |a OND 
958 |a EUIPO 
999 |c 613828  |d 615758 
952 |a SNK  |b SNK  |y PREZ  |7 0  |p 17A1290024  |o snkSP 103535  |0 0  |1 0  |4 0  |d 2020-09-22  |f 1  |l 0  |r 2026-02-23 16:31:10  |w 2026-02-23